000 01025naa a22002777a 4500
001 BR6009388
003 BR-BrBNA
005 20240918173014.0
007 ta
008 230509b bl.||||| |||| 00| 0 por d
040 _aBR-BrBNA
_bpor
_cBiblioteca Nacional de Agricultura
041 _a(Pt)
072 _aL20
_b7110
090 _aL20 BR6009388
100 1 _aCosenza, G.W.
111 1 _a1. Congresso Brasileiro de Apicultura
_cFlorianopolis, SC (Brazil)
_d8 May 1980
245 1 _aEstudo dos enxames de migracao de abelhas africanas [Ecologia animal; Apis mellifera agansonii]
260 3 _aFlorianopolis, SC (Brasil):
_c1970.
500 _a1. Congresso Brasileiro de Apicultura Florianopolis, SC (Brasil): 1970. p. 128-129 (BR6009388-AM)L20
650 _aEcologia animal
650 _aAbelha africana
650 _aMigracao animal
773 0 _t1. Congresso Brasileiro de Apicultura
_wL20 BR6009388
_gFlorianopolis, SC (Brasil), 1970. p. 128-129
909 _a202404
_bLucia
_c55
_dLucia Elande
942 _cAM
_2AGRIS
999 _c302473
_d302473